Избранные произведения: в 3 т.

Bibliographic Details
Main Author: Брежнев Л. И. Леонид Ильич
Language:Russian
Published: Москва, Политиздат, 1981
Format: MixedMaterials Book
KOHA link:https://koha.lib.tpu.ru/cgi-bin/koha/opac-detail.pl?biblionumber=362274

MARC

LEADER 00000nam1a2200000 4500
001 362274
005 20231102011455.0
035 |a (RuTPU)RU\TPU\retro\19620 
090 |a 362274 
100 |a 20210721d1981 km y0rusy50 ca 
101 0 |a rus 
102 |a RU 
200 1 |a Избранные произведения   |e в 3 т.  |f Л. И. Брежнев 
210 |a Москва  |c Политиздат  |d 1981 
700 1 |a Брежнев  |b Л. И.  |c российский политический деятель  |c генеральный секретарь ЦК КПСС  |f 1906-1982  |g Леонид Ильич  |2 stltpush  |3 (RuTPU)RU\TPU\pers\1056  |9 475 
801 1 |a RU  |b 63413507  |c 20210721 
942 |c BK